رياضيات اطفال ماقبل المدرسة وافكار جان بياجية / (Record no. 39482)
[ view plain ]
| 000 -الفاتح | |
|---|---|
| حقل البيانات ثابتة الطول | 00696nam a2200205Ia 4500 |
| 008 - عناصر البيانات ثابتة الطول - معلومات عامة | |
| حقل البيانات ثابتة الطول | 140319s9999 xx 000 0 ara d |
| 040 ## - مصدر الفهرسة | |
| وكالة الفهرسة الأصلية | GCL / |
| وكالة النسخ | GCL |
| 082 04 - رقم تصنيف ديوى العشرى | |
| رقم التصنيف | 372.241 |
| رقم المادة | ز ر |
| 100 1# - المدخل الرئيسى - إسم شخصى | |
| الإسم الشخصى | محبات ابو عميرة |
| 245 10 - بيان العنوان | |
| العنوان | رياضيات اطفال ماقبل المدرسة وافكار جان بياجية / |
| بيان المسئوليه,etc | محبات ابو عميرة |
| 700 1# - المدخل الاضافى - اسم شخصى | |
| الإسم الشخصى | يسرية صادق |
| 700 1# - المدخل الاضافى - اسم شخصى | |
| الإسم الشخصى | احمد الشعراوى |
| 490 ## - بيان السلسلة | |
| عنوان السلسلة | سلسلة دراسات فى الطفولة |
| رقم المجلد/ التعيين التسلسلي | 0 |
| 650 04 - المدخل الاضافى بالموضوع-مصطلح موضوعى | |
| مصطلح موضوعي | رياض الاطفال |
| 650 04 - المدخل الاضافى بالموضوع-مصطلح موضوعى | |
| مصطلح موضوعي | علم النفس |
| 650 04 - المدخل الاضافى بالموضوع-مصطلح موضوعى | |
| مصطلح موضوعي | التربية والتعليم |
| 650 04 - المدخل الاضافى بالموضوع-مصطلح موضوعى | |
| مصطلح موضوعي | الاطفال - علم نفس |
| 942 ## - عناصر المدخل الإضافي( كوها) | |
| مصدر التصنيف او مخطط الترفيف | Dewey Decimal Classification |
| Koha [default] item type | كتاب |
| حالة التراجع | حالة الفقد | حالة تلف | ليس للاعارة | المكان المؤقت | الموقع الحالى | تاريخ الاكتساب | اجمالي اﻻعارات | رقم الطلب | الباركود | تاريخ اخر مشاهدة | تاريخ تفعيل السعر | نوع وعاء كوها |
|---|---|---|---|---|---|---|---|---|---|---|---|---|
| مكتبة القاهرة الكبرى | مكتبة القاهرة الكبرى | 03/26/2014 | 372.241\ز ر | 96521 | 03/26/2014 | 03/26/2014 | كتاب |

